00529nam a2200169Ia 4500003000400000005001700004008004100021020001900062040001000081100001800091245004300109260001100152260000900163942001200172999001500184952016000199OSt20240522121329.0170524s9999 xx 000 0 und d a978-9387394728 ciimtu aBudynas- R.G. 0aSwitchgear Protaction and Power System bKhanna c2011 2ddcc02 c5997d5997 00102ddc4070a01b01d2017-06-01p01-B-55900r2017-06-01uSwitchgear Protaction and Power Systemw2017-06-01y06zEngineering Departmental Library books